Structural changes in aortic wall of rat offspring induced by prenatal administration of phenytoin

Bibliographic Details
Main Authors: Okruhlicová, Ľudmila, 1956- (Author), Ujházy, Eduard, 1946- (Author), Mach, M. (Author), Sotníková, Ružena, 1946- (Author)
Format: Article
Language:Slovak
English
ISSN:0006-9248
Subjects:

MARC

LEADER 00000nab a2200000 a 4500
001 vtls000834855
003 SK-MaSNL
005 20260304131516.0
008 250429c2002 xo 0 slo
015 |a SNBRB2003/05-ccccc 
035 |a CLN000186510 
035 |a urn:nbn:sk:snk-abq5g 
035 |a (urnnbn)urn:nbn:sk:snk:ar-a03fr8 
035 |a (uuid)c9787daf-8bef-4f80-af0b-1b7b8f5e82d8 
040 |a SNKBUCL  |b slo  |c SNKBUCL  |e AACR2 
041 0 |a eng 
044 |a xo  |c SK 
080 |a 615.213:616.132-076:061.3  |2 1997 
245 0 0 |a Structural changes in aortic wall of rat offspring induced by prenatal administration of phenytoin  |c L. Okruhlicova ... [et al.] 
650 0 7 |a fenytoín  |2 SNKPH  |9 21059 
650 0 7 |a účinky prenatálnej expozície, oneskorené  |2 SNK  |9 1282037 
650 0 7 |a aorta  |2 SNKPH  |9 17666 
650 0 7 |a novonarodené zvieratá  |2 SNK  |9 1444854 
650 0 7 |a porovnávacia anatómia  |2 SNKPH  |9 2597 
650 0 7 |a abstrakty z kongresu  |2 SNKPH  |9 168204 
655 7 |a články z novín a časopisov  |2 SNK  |9 267496 
700 1 |a Okruhlicová, Ľudmila,  |d 1956-  |4 aut  |9 9001 
700 1 |a Ujházy, Eduard,  |d 1946-  |4 aut  |9 6505 
700 1 |a Mach, M.  |4 aut  |9 936182 
700 1 |a Sotníková, Ružena,  |d 1946-  |4 aut  |9 155415 
773 0 |t Bratislavské lekárske listy  |g Roč. 103, č. 9 (2002), s. 294  |x 0006-9248 
850 |a Slovenská národná knižnica 
852 |a Slovenská národná knižnica 
958 |a article27 
958 |a MI 
958 |a OND 
958 |a EUIPO 
992 |a RBX 
999 |c 2897021  |d 2898951